000 00400nam a22001697a 4500
003 NUST
020 _a 9783639202571
038 _aKhadija
082 _a658.7
_bPAR
100 _aParlikad,Ajith Kumar.
_986203
245 _aIntelligent Supply Chain Networks
260 _aNew York:
_bVDM Publisher,
_c1966.
300 _a65 p. ;
_b22 cm.
500 _aPaperback.
563 _aPB
942 _cBK
_2ddc
999 _c33228
_d33228